NRJ Music Awards 2024 - Les gagnants - Statistiques

Statistiques générales
  • Ce quiz a été pris 128 fois
  • Le résultat moyen est 8 sur 18
Statistiques - réponses
Hint Réponse % Correct
Révélation francophone Pierre Garnier
91%
Artiste féminine francophone Vitaa
74%
Artiste masculin francophone Slimane
72%
DJ de l'année David Guetta
68%
Groupe/duo francophone Indochine
58%
Artiste féminine internationale Taylor Swift
58%
Révélation belge de l'année Héléna
56%
Révélation internationale Benson Boone
51%
Chanson francophone Ceux qu'on était (Pierre Garnier)
40%
Concert de l'année Bigflo et oli
37%
Social hit Petit Génie
34%
Artiste masculin international The Weeknd
30%
Groupe/duo internationale Coldplay
27%
Award d'honneur (groupe) Justice
23%
Hit internationale Beautiful Things (Benson Boone)
20%
Award d'honneur (garçon) Teddy Swims
17%
Collaboration internationale Die With a smile (Lady Gaga & Bruno Mars)
13%
Collaboration francophone I love you (Dadju et Tayc)
1%
Aucun quiz correspondant
Distribution des résultats
% des personnes avec chaque résultat
Percentile par nombre de réponses
Votre historique - résultats
Vous n’avez pas pris ce quiz